000 00842nab a2200253 u 4500
001 17664
003 HDC
007 cr bn ---aaaaa
008 210225c mydr|noo 0 a may d
040 _aHDC
100 _aShamsul Kamal Amarudin
_eauthor
_916944
245 0 _a43 restoran diarah tanggallogo 'Halal' /
_cby Shamsul Kamal Amarudin
260 _aMalaysia :
_bBerita Harian,
_c2002
336 _atext
_2rdacontent
337 _acomputer
_2rdamedia
338 _aonline resource
_2rdacarrier
650 _afood industry
_9536
650 _ahalal restaurant
_91117
710 _aBerita Harian
856 _zRequest full-text at [email protected]
942 _2lcc
942 _cNEWS
942 _kNWSO 008704
999 _c14980
_d14980